000 00697nam a2200277Ia 4500
005 20260324122902.0
008 008 260324s9999 xx 000 0 eng d
020 _a9780429144721
037 _aEBOOK
040 _aCRL
040 _beng
040 _cCRL
041 _2eng
041 _aeng
084 _qCRL
100 _aRaymond L. Chambers; Suojin Wang; Alan Welsh; David G. Steel
_91168200
245 0 _aMaximum Likelihood Estimation for Sample Surveys
260 _bTaylor and Francis
260 _c2012
365 _a
365 _b340
856 _uhttp://www.taylorfrancis.com/books/9780429144721
942 _cEBOOK
999 _c1761258
_d1761258